| 000 | 00000nam##2200000za#4500 |
| 001 | 9.700459 |
| 003 | CaOODSP |
| 005 | 20210927150516 |
| 007 | cr ||||||||||| |
| 008 | 150407|2011||||xxc|||||o f|0| 0 eng|d |
| 040 | |aCaOODSP|beng |
| 043 | |an-cn--- |
| 086 | 1 |aR5-46/2011E-PDF |
| 110 | 1 |aCanada. |bIndian and Northern Affairs Canada. |
| 245 | 10|aFinal report : evaluation of the implementation of the First Nations Fiscal and Statistical Management Act / |h[electronic resource]|c[published by the] Evaluation, Performance Measurement and Review Branch. |
| 260 | |aOttawa - Ontario : |bIndian and Northern Affairs |cApril 2011. |
| 300 | |a82p.|bfigs., tables |
| 590 | |a15-05-Supp|b2015-03-31 |
| 690 | 07|aFiscal policy|2gcpds |
| 690 | 07|aProgram assessment|2gcpds |
| 775 | 08|tRapport final : évaluation de la mise en oeuvre de la Loi sur la gestion financière et statistique des premières nations / |w(CaOODSP)9.644380 |
| 856 | 40|ahttp://publications.gc.ca|qPDF|s445 KB|uhttps://publications.gc.ca/collections/collection_2015/aadnc-aandc/R5-46-2011-eng.pdf |
| 986 | |aProject Number : 10014 |